000 00288nam a2200109Ia 4500
008 230724s1999 xx und d
041 _aeng
100 _aLITTLEWOOD M.
245 _aLANDSCAPE DETAILING VOLL-II,SURFACES,IIIRD EDITION
260 _bC.B.S PUBLISHERS
_c1999
300 _a208
999 _c1171482
_d1171482